Statistics for All DC Comics Based Shows!

Click here to take the quiz!

General Stats

  • This quiz has been taken 16 times
  • The average score is 39 of 104

Answer Stats

YearsSeries% Correct
1966-1968Batman
100%
1992-1995Batman: The Animated Series
100%
1988-1988Superman
100%
2004-2008The Batman
100%
1968-1969The Batman/Superman Hour
100%
1977-1978The Batman/Tarzan Adventure Hour
100%
1967-1968The Superman/Aquaman Hour of Adventure
100%
1995-1997The Superman/Batman Adventures
100%
1990-1991 | 2014-2023The Flash
93%
1975-1979Wonder Woman
93%
2015-2021Supergirl
87%
2012-2020Arrow
80%
2016-2022Legends of Tomorrow
80%
2014-2019Gotham
73%
2001-2004Justice League
73%
2003-2006Teen Titans
73%
2013-PresentTeen Titans GO!
73%
2018-2021Black Lightning
67%
2019-2023Doom Patrol
67%
2019-PresentHarley Quinn
67%
2001-2011Smallville
67%
1968-1970Aquaman
60%
2019-2022Batwoman
60%
2004-2006Justice League Unlimited
60%
2022-PresentPeacemaker
60%
1990-1991 | 1990-1993 | 2019-2019Swamp Thing
60%
2018-2023Titans
60%
1999-2001Batman Beyond
53%
2014-2015Constantine
53%
2021-PresentSuperman and Lois
53%
2010-2022Young Justice
53%
2019-2022Pennyworth
47%
2000-2004Static Shock
47%
2008-2011Batman: The Brave and the Bold
40%
2016-2021Lucifer
40%
2020-2022Stargirl
40%
TBDWaller
40%
2013-2014Beware the Batman
33%
2002-2003Birds of Prey
33%
TBDBooster Gold
33%
2018-2019Krypton
33%
2024-PresentThe Penguin
33%
2022-PresentThe Sandman
33%
2024-PresentCreature Commandos
27%
2011-2013Green Lantern: The Animated Series
27%
2016-2018Justice League Action
27%
TBDLanterns
27%
2006-2008Legion of Super Heroes
27%
2016-2019Preacher
27%
1974-1976Shazam!
27%
1988-1992Superboy
27%
1973-1973 | 1980-1983Super Friends
27%
2019-2019Watchmen
27%
2022-PresentBatwheels
20%
2019-2021DC Super Hero Girls
20%
2024-PresentDead Boy Detectives
20%
2023-2023Gotham Knights
20%
1992-1992 | 2010-2011Human Target
20%
2015-2019iZombie
20%
TBDKite Man: Hell Yeah!
20%
2005-2006Krypto the Superdog
20%
2023-PresentMy Adventures With Superman
20%
1996-2000Superman: The Animated Series
20%
1997-2000The New Batman/Superman Adventures
20%
1952-1958Adventures of Superman
13%
2022-2022DMZ
13%
2022-2022Naomi
13%
TBDParadise Lost
13%
2024-PresentSuicide Squad Isekai
13%
2021-PresentSweet Tooth
13%
2019-PresentThe Boys
13%
2001-2002The Zeta Project
13%
2021-2021Y: The Last Man
13%
TBDBat-Family
7%
1980-1981Batman and the Super 7
7%
TBDBatman: Caped Crusader
7%
TBDBeast Boy: Lone Wolf
7%
2023-2023Bodies
7%
1978-1978Challenge of the Superfriends
7%
2023-PresentGen V
7%
TBDGet Jiro!
7%
1993-1997Lois and Clark: The New Adventures of Superman
7%
2010-2013MAD
7%
2017-2017Powerless
7%
1984-1985Super Friends: The Legendary Super Powers Show
7%
1968-1969The Adventures of Batman
7%
1966-1969The Adventures of Superboy
7%
1977-1978The All-New Super Friends Hour
7%
2022-2022The Boys Presents: Diabolical
7%
1981-1982The Kid Power Hour With Shazam!
7%
1977-1978The New Adventures of Batman
7%
1966-1970The New Adventures of Superman
7%
1997-1999The New Batman Adventures
7%
1979-1981The Plastic Man Comedy/Adventure Show
7%
1975-1976The Secrets of Isis
7%
1985-1985The Super Powers Team: Galactic Guardians
7%
1979-1980The World's Greatest Super Friends
7%
TBDUntitled Arkham Series
7%
1994-1995Wild C.A.T.S.
7%

Score Distribution

Percentile by Number Answered

Percent of People with Each Score

Your Score History

You have not taken this quiz